La nueva India
محفوظ في:
| المؤلف الرئيسي: | |
|---|---|
| التنسيق: | كتاب |
| اللغة: | الإنجليزية الإسبانية |
| منشور في: |
Santiago, Chile
Aguilar Chilena de Ediciones S. A
2012
|
| الطبعة: | Primera edición |
| الموضوعات: | |
| الوسوم: |
إضافة وسم
لا توجد وسوم, كن أول من يضع وسما على هذه التسجيلة!
|
MARC
| LEADER | 00000nam a22000007a 4500 | ||
|---|---|---|---|
| 003 | CL-VaPUC | ||
| 005 | 20230112074239.0 | ||
| 008 | 200224b ||||| |||| 00| 0 eng d | ||
| 999 | |c 416784 |d 416782 | ||
| 020 | |a 9789563474510 | ||
| 040 | |c Pontificia Universidad Católica de Valparaíso | ||
| 041 | 0 | |a spa | |
| 082 | |a 954 HEI 2012 | ||
| 100 | |a Heine, Jorge |9 719751 | ||
| 245 | 1 | 3 | |a La nueva India |
| 250 | |a Primera edición | ||
| 260 | 3 | |a Santiago, Chile |b Aguilar Chilena de Ediciones S. A |c 2012 | |
| 300 | |a 255 p | ||
| 583 | |c 20200224 |k Daniel Castañeda | ||
| 650 | 0 | 0 | |a CIVILIZACION INDIA |9 438851 |
| 650 | 0 | 0 | |a CONDICIONES ECONOMICAS Y SOCIALES |9 719752 |
| 651 | 0 | 0 | |a India |9 267804 |
| 942 | |2 ddc |c BK | ||
| 952 | |0 0 |1 0 |2 ddc |4 0 |6 954_000000000000000_HEI_2012 |7 0 |8 A |9 551455 |a BIBGIM |b BIBGIM |d 2020-02-24 |i 5614546 |o 954 HEI 2012 |p 5614546 |r 2025-01-15 |t 1 |w 2020-02-24 |y BK |k ORI | ||
| 952 | |0 0 |1 0 |2 ddc |4 0 |6 954_000000000000000_HEI_2012 |7 0 |8 A |9 551456 |a BIBGIM |b BIBGIM |d 2020-02-24 |i 5614554 |o 954 HEI 2012 |p 5614554 |r 2025-01-15 |t 2 |w 2020-02-24 |y BK |k ORI | ||